00665nam a2200241 a 4500001001300000003000900013005001700022008004100039020001100080082001600091100001600107245002500123260004100148300000900189500003500198505001500233650001700248700001600265902000800281942000700289952011200296999001500408nice12345678IN_TiNIC20260116011650.0050524s1957 boma grp 000 0 eng  ac1.2500a303.61bGAN aGandhi, M K aScience of Satyagrah aBombaybBharatita Vidya Bhavanc1957 a126p aincludes index and biblioraphy2 aGlo. Index aNon-Violence1 aGandhi, M K bSRS cBK 001040708StackRoom-aHMIbHMId2007-03-20g1.25l0o303.61 GANp08840r2007-03-20v1.25w2005-05-24yBK c3246d3246